| Tag |
First Indicator |
Second Indicator |
Subfields |
| LEADER |
00000cam a2200000 i 4500 |
| 001 |
in00005465310 |
| 008 |
230903s2024 ncua e b 001 0 eng |
| 005 |
20250318222256.7 |
| 010 |
|
|
|a 2023040535
|
| 020 |
|
|
|a 9781476687889
|
| 020 |
|
|
|a 1476687889
|q paperback
|
| 020 |
|
|
|z 9781476650524
|q electronic book
|
| 035 |
|
|
|a (OCoLC)on1390441818
|
| 035 |
|
|
|a (OCoLC)1390441818
|
| 040 |
|
|
|a LBSOR
|b eng
|e rda
|c DLC
|d GO3
|d OCLCO
|d CLE
|d YDX
|
| 042 |
|
|
|a pcc
|
| 050 |
0 |
0 |
|a PN1995.9.M83
|b S46 2024
|
| 082 |
0 |
0 |
|a 791.43/675
|2 23/eng/20230920
|
| 100 |
1 |
|
|a Senn, Bryan,
|d 1962-
|e author.
|
| 245 |
1 |
0 |
|a Mummy movies :
|b a comprehensive guide /
|c Bryan Senn.
|
| 264 |
|
1 |
|a Jefferson, North Carolina :
|b McFarland & Company, Inc., Publishers,
|c [2024]
|
| 300 |
|
|
|a vii, 337 pages :
|b illustrations ;
|c 26 cm
|
| 336 |
|
|
|a text
|b txt
|2 rdacontent
|
| 337 |
|
|
|a unmediated
|b n
|2 rdamedia
|
| 338 |
|
|
|a volume
|b nc
|2 rdacarrier
|
| 504 |
|
|
|a Includes bibliographical references (pages 321-325) and index
|
| 520 |
|
|
|a "In 1932, The Mummy, starring Boris Karloff, introduced another icon to the classic monster pantheon, beginning a journey down the cinematic Nile that has yet to reach its end. Over the past century, movie mummies have met everyone from Abbott and Costello to Tom Cruise, not to mention a myriad of fellow monsters. Horrifying and mysterious, the mummy comes from a different time with uncommon knowledge and unique motivation, offering the lure of the exotic as well as the terrors of the dark. From obscure no-budgeters to Hollywood blockbusters, the mummy has featured in films from all over the globe, including Brazil, China, France, Hong Kong, India, Mexico, and even its fictional home country of Egypt, with each film bringing its own cultural sensibilities. Movie mummies have taken the form of teenagers, superheroes, dwarves, kung fu fighters, Satanists, cannibals and even mummies from outer space. Some can fly, some are sexy, some are scary and some are hilarious, and mummies quickly moved beyond horror cinema and into science fiction, comedy, romance, sexploitation and cartoons. From the Universal classics to the Aztec Mummy series, from Hammer's versions to Mexico's Guanajuato variations, this first-ever comprehensive guide to mummy movies offers in-depth production histories and critical analyses for every feature-length iteration of bandaged horror"--
|c Provided by publisher.
|
| 650 |
|
0 |
|a Mummy films
|x History and criticism.
|
| 650 |
|
6 |
|a Films de momies
|x Histoire et critique.
|
| 852 |
8 |
|
|b pda,print
|z This title is available for the library to purchase for your use. Click the "Purchase It For Me" button to place a request. This item may take 5-10 business days to arrive.
|
| 955 |
|
|
|a Print PDA title
|
| 961 |
|
|
|m 565730
|
| 999 |
f |
f |
|s 102e9e39-ba17-4ae4-a775-935ac421ff59
|i 83c52d91-ea53-468b-8f00-4a491a7ab1a7
|t 0
|
| 952 |
f |
f |
|a Texas A&M University
|b College Station
|c Sterling C. Evans Library
|d Purchase on Demand
|t 0
|e PN1995.9.M83 S46 2024
|h Library of Congress classification
|
| 998 |
f |
f |
|a PN1995.9.M83 S46 2024
|t 0
|l Purchase on Demand
|